| 000 | 00590nam a22001937a 4500 | ||
|---|---|---|---|
| 005 | 20241011120916.0 | ||
| 010 | _aENG-142057 | ||
| 020 |
_a9789354911194 _c145.00 |
||
| 035 | _aEN-125589 | ||
| 037 | _bDBAD | ||
| 082 |
_a921 _21 |
||
| 100 |
_aChakravarty, Basudha _972667 |
||
| 245 |
_aKazi Nazrul Islam/ _cBy Basudha Chakravarty |
||
| 250 | _a1 | ||
| 260 |
_aNew Delhi _bNational Book Trust, India _c2022(Revised) |
||
| 270 |
_aNehru Bhawan, 5 Institutional Area, Phase-II Vasant Kunj _bNew Delhi _e110070 |
||
| 300 |
_a122p. _c19cm(pb) |
||
| 942 |
_2ddc _cEN _mCHA _h921 |
||
| 999 |
_c206311 _d206311 |
||